Hazrat Bari Imam / (Record no. 525257)

000 -LEADER
fixed length control field 00449nam a22001697a 4500
003 - CONTROL NUMBER IDENTIFIER
control field NUST
038 ## - RECORD CONTENT LICENSOR
Staff Name waseem
082 ## - DEWEY DECIMAL CLASSIFICATION NUMBER
Classification number 297.9923
Author Mark KHA
100 ## - MAIN ENTRY--PERSONAL NAME
Personal name Khan, Munsibdar
9 (RLIN) 15999
245 ## - TITLE STATEMENT
Title Hazrat Bari Imam /
Statement of responsibility, etc. Munsibdar Khan
260 ## - PUBLICATION, DISTRIBUTION, ETC.
Place of publication, distribution, etc. Lahore :
Name of publisher, distributor, etc. Mushtaq Book Corner,
Date of publication, distribution, etc. [s.l].
300 ## - PHYSICAL DESCRIPTION
Extent 147 p. ;
500 ## - GENERAL NOTE
General note Hardcover.
880 ## - ALTERNATE GRAPHIC REPRESENTATION
Linkage 100-01\r
Title منصبدار خان
880 ## - ALTERNATE GRAPHIC REPRESENTATION
Linkage 245-02\r
Title حضرت بری امام /
942 ## - ADDED ENTRY ELEMENTS (KOHA)
Source of classification or shelving scheme
Koha item type Book
Holdings
Withdrawn status Lost status Source of classification or shelving scheme Damaged status Not for loan Permanent Location Current Location Shelving location Date acquired Total Checkouts Full call number Barcode Date last seen Price effective from Koha item type
          Central Library (CL) Central Library (CL) First Floor - Islam 06/29/2019   297.9923 KHA CL-E-692 06/29/2019 06/29/2019 Book
© 2023 Central Library, National University of Sciences and Technology. All Rights Reserved.